MyGZULibrary

Governance, democracy, and conditionality : (Record no. 1772)

MARC details
000 -LEADER
fixed length control field 01409cam a2200349 a 4500
001 - CONTROL NUMBER
control field 1137145
003 - CONTROL NUMBER IDENTIFIER
control field GZU
005 - DATE AND TIME OF LATEST TRANSACTION
control field 20201021150653.0
008 - FIXED-LENGTH DATA ELEMENTS--GENERAL INFORMATION
fixed length control field 941025s1994 enk b 100 0 eng
010 ## - LIBRARY OF CONGRESS CONTROL NUMBER
LC control number 94222585
020 ## - INTERNATIONAL STANDARD BOOK NUMBER
International Standard Book Number 1897748019
040 ## - CATALOGING SOURCE
Original cataloging agency DLC
Transcribing agency DLC
Modifying agency DLC
043 ## - GEOGRAPHIC AREA CODE
Geographic area code d------
050 00 - LIBRARY OF CONGRESS CALL NUMBER
Classification number HC60
Item number .GOV 1994
245 00 - TITLE STATEMENT
Title Governance, democracy, and conditionality :
Remainder of title what role for NGOs? /
Statement of responsibility, etc. edited by Andrew Clayton.
246 14 - VARYING FORM OF TITLE
Title proper/short title Governance, democrary & conditionality.
260 ## - PUBLICATION, DISTRIBUTION, ETC.
Place of publication, distribution, etc. Oxford, UK :
Name of publisher, distributor, etc. INTRAC,
Date of publication, distribution, etc. 1994.
300 ## - PHYSICAL DESCRIPTION
Extent ii, 136 p. ;
Dimensions 21 cm.
440 #0 - SERIES STATEMENT/ADDED ENTRY--TITLE
Title INTRAC NGO management & policy series ;
Volume/sequential designation no. 2
500 ## - GENERAL NOTE
General note Papers from an INTRAC workshop held in Amersfoort, Netherlands, June 4-6, 1993.
504 ## - BIBLIOGRAPHY, ETC. NOTE
Bibliography, etc. note Includes bibliographical references (p. 133-135).
650 #0 - SUBJECT ADDED ENTRY--TOPICAL TERM
Topical term or geographic name entry element Economic assistance
Geographic subdivision Developing countries
General subdivision Congresses.
650 #0 - SUBJECT ADDED ENTRY--TOPICAL TERM
Topical term or geographic name entry element Economic assistance
General subdivision Political aspects
-- Congresses.
650 #0 - SUBJECT ADDED ENTRY--TOPICAL TERM
Topical term or geographic name entry element Non-governmental organizations
Geographic subdivision Developing countries
General subdivision Congresses.
650 #0 - SUBJECT ADDED ENTRY--TOPICAL TERM
Topical term or geographic name entry element Democracy
Geographic subdivision Developing countries
General subdivision Congresses.
650 #0 - SUBJECT ADDED ENTRY--TOPICAL TERM
Topical term or geographic name entry element Conditionality (International relations)
651 #0 - SUBJECT ADDED ENTRY--GEOGRAPHIC NAME
Geographic name Developing countries
General subdivision Politics and government
-- Congresses.
700 1# - ADDED ENTRY--PERSONAL NAME
Personal name Clayton, Andrew
Titles and other words associated with a name (Writer on non-governmental organizations)
710 2# - ADDED ENTRY--CORPORATE NAME
Corporate name or jurisdiction name as entry element INTRAC (Great Britain)
906 ## - LOCAL DATA ELEMENT F, LDF (RLIN)
a 7
b cbc
c orignew
d 2
e ncip
f 19
g y-gencatlg
942 ## - ADDED ENTRY ELEMENTS (KOHA)
Source of classification or shelving scheme Library of Congress Classification
Koha item type Books
Classification part 60
Item part GOV
Call number prefix HC
Holdings
Withdrawn status Lost status Source of classification or shelving scheme Damaged status Not for loan Collection code Home library Current library Shelving location Date acquired Source of acquisition Total Checkouts Full call number Barcode Date last seen Copy number Price effective from Koha item type Date last checked out Inventory number
    Library of Congress Classification     Non-fiction City Campus Library City Campus Library General Stacks 11/19/2014 Book Aid International   HC60 GOV 1994 000009 10/21/2020 c. 1 10/21/2020 Books    
    Library of Congress Classification     Non-fiction City Campus Library City Campus Library General Stacks 11/23/2014 Book Aid International 1 HC60 GOV 1994 002106 04/19/2024 c. 2 10/21/2020 Books 04/10/2024  
    Library of Congress Classification     Non-fiction City Campus Library City Campus Library General Stacks 11/23/2014 Book Aid International   HC60 GOV 1994 002105 10/21/2020 c. 3 10/21/2020 Books    
          Non-fiction Mashava Campus Library Mashava Campus Library General Stacks 05/06/2014 Donation- Book Aid International   HC60 CLA 1994 000008 05/06/2021 c.4 05/06/2021 Books   20467
          Non-fiction Mashava Campus Library Mashava Campus Library General Stacks 05/10/2021     HC60 CLA 1994 002107 05/10/2021 c.5 05/10/2021 Books   20616